Controversiarvm illvstrivm aliarvmqve vsv freqvuentivm libri tres / (Record no. 149506)

MARC details
000 -LEADER
campo de control de longitud fija 00896nam a2200205 i 4500
001 - NÚMERO DE CONTROL
campo de control 149506
003 - IDENTIFICADOR DE NÚMERO DE CONTROL
campo de control ES-MaACL
005 - FECHA Y HORA DE LA ÚLTIMA TRANSACCIÓN
campo de control 20230906203131.0
007 - CAMPO FIJO DE DESCRIPCIÓN FÍSICA--INFORMACIÓN GENERAL
campo de control de longitud fija t|
008 - DATOS DE LONGITUD FIJA--INFORMACIÓN GENERAL
campo de control de longitud fija 071023s1931 sp ||||1| spa d
100 1# - ENTRADA PRINCIPAL--NOMBRE DE PERSONA
Nombre de persona Vázquez de Menchaca, Fernando.
9 (RLIN) 113420
245 10 - MENCIÓN DEL TÍTULO
Título Controversiarvm illvstrivm aliarvmqve vsv freqvuentivm libri tres /
Mención de responsabilidad, etc. obra del jurisconsulto vallisoletano D. Fernando Vázquez de Menchaca, reimpresa por acuerdo de la Universidad de Valladolid ; transcripción, notas y traducción de D. Fidel Rodríguez Alcalde ; prólogo del Excmo. Sr. D. Calixto Valverde y Valverde.
260 ## - PUBLICACIÓN, DISTRIBUCIÓN, ETC.
Lugar de publicación, distribución, etc. Valladolid :
Nombre del editor, distribuidor, etc. Cuesta,
Fecha de publicación, distribución, etc. 1931.
300 ## - DESCRIPCIÓN FÍSICA
Extensión 4 v. ;
Dimensiones 25 cm.
500 ## - NOTA GENERAL
Nota general Reprod. de la ed. de: Venetiis, 1564.
500 ## - NOTA GENERAL
Nota general Texto lat. y cast.
700 1# - ENTRADA AGREGADA--NOMBRE PERSONAL
Nombre de persona Rodríguez Alcalde, Fidel.
9 (RLIN) 98326
700 1# - ENTRADA AGREGADA--NOMBRE PERSONAL
Nombre de persona Valverde y Valverde, Calixto.
9 (RLIN) 113024
852 ## - LOCALIZACIÓN
Ubicación ES-MaACL
Número de control de estantería B-10357-60
Holdings
Estatus retirado Estado de pérdida Estado de daño No para préstamo Biblioteca de origen Biblioteca actual Ubicación en estantería Fecha de adquisición Fuente de adquisición Total de préstamos Signatura topográfica completa Código de barras Visto por última vez Precio de reemplazo Tipo de ítem Koha
        Biblioteca del Ateneo de Madrid Biblioteca del Ateneo de Madrid Sala Pardo Bazán 17/01/2008     B-10357-60 1156015 23/02/2023 23/02/2023 Libro impreso